Essays in social theory /

Bibliographic Details
Main Author: Lukes, Steven
Format: Book
Language:English
Published: New York : Columbia University Press, 1977.
Subjects:

MARC

Tag First Indicator Second Indicator Subfields
LEADER 00000pam a2200000 i 4500
001 in00000062588
005 20151007083029.0
008 770509s1977 nyu b 00010 eng
010 |a  77008505  
020 |a 023104450X 
035 |a (OCoLC)03002946 
035 |9 AAF8752AM 
040 |a DLC  |c DLC  |d TXA  |d UtOrBLW 
049 |a TXAM  |c [1159857] 
050 0 0 |a HM51  |b .L78 1977 
082 0 |a 301.5/92 
100 1 |a Lukes, Steven. 
245 1 0 |a Essays in social theory /  |c Steven Lukes. 
264 1 |a New York :  |b Columbia University Press,  |c 1977. 
300 |a x, 227 pages ;  |c 22 cm. 
336 |a text  |b txt  |2 rdacontent 
337 |a unmediated  |b n  |2 rdamedia 
338 |a volume  |b nc  |2 rdacarrier 
504 |a Includes bibliographical references. 
505 0 |a Politics and society: Power and structure. The new democracy. Political ritual and social integration. Alienation and anomie. Socialism and equality.--Rationality and relativism: Some problems about rationality. On the social determination of truth. Relativism, cognitive and moral.--Aspects of individualism: Methodological individualism reconsidered. No Archimedean point. State of nature. 
650 0 |a Sociology. 
650 0 |a Political science. 
650 0 |a Individualism. 
999 |a MARS 
999 f f |s cb921cf8-4029-3cf0-a4c5-22e958edf7aa  |i 396ce93e-dc9f-35a6-9d08-20b69a9bb213  |t 0 
952 f f |p ric  |a Texas A&M University  |b Rellis Campus  |c Joint Library Facility  |d Remote Storage  |t 0  |e HM51 .L78 1977  |h Library of Congress classification  |i unmediated -- volume  |m A14817581153 
998 f f |a HM51 .L78 1977  |t 0  |l Remote Storage